| Tag |
First Indicator |
Second Indicator |
Subfields |
| LEADER |
00000cam a2200000 c 4500 |
| 001 |
in00004565739 |
| 008 |
210311s2021 enka ob 001 0 eng |
| 006 |
m o d |
| 007 |
cr cn||||||||| |
| 005 |
20230714214028.9 |
| 010 |
|
|
|a 2021006790
|
| 035 |
|
|
|a (OCoLC)on1242022207
|
| 040 |
|
|
|a DLC
|b eng
|e rda
|e pn
|c DLC
|d OCLCO
|d OCLCF
|d YDX
|d CUV
|d EBLCP
|d YDX
|d N$T
|d OCLCO
|
| 020 |
|
|
|a 1789249295
|q electronic book
|
| 020 |
|
|
|a 9781789249286
|q electronic book
|
| 020 |
|
|
|a 1789249287
|q electronic book
|
| 020 |
|
|
|a 9781789249293
|q (electronic bk.)
|
| 020 |
|
|
|z 9781789249279
|q hardcover
|
| 035 |
|
|
|a (OCoLC)1242022207
|
| 060 |
|
4 |
|a SB 211.Y3
|b T468y 2021eb
|
| 100 |
1 |
|
|a Thompson, Anthony Keith
|c (Agriculture),
|e author.
|
| 245 |
1 |
0 |
|a Yams :
|b botany, production and uses /
|c Anthony Keith Thompson and Ibok Oduro.
|
| 264 |
|
1 |
|a Wallingford, Oxfordshire :
|b CABI,
|c [2021]
|
| 264 |
|
4 |
|a c ©2021
|
| 300 |
|
|
|a 1 online resource :
|b illustrations
|
| 336 |
|
|
|a text
|b txt
|2 rdacontent
|
| 337 |
|
|
|a computer
|b c
|2 rdamedia
|
| 338 |
|
|
|a online resource
|b cr
|2 rdacarrier
|
| 490 |
1 |
|
|a Botany, production and uses
|
| 504 |
|
|
|a Includes bibliographical references and index.
|
| 505 |
0 |
|
|a Introduction -- Botany -- Composition and Uses -- Cultivation -- Storage -- Diseases and Pests -- Production -- Some Dioscorea species.
|
| 588 |
|
|
|a Description based on online resource; title from digital title page (viewed on February 11, 2022).
|
| 650 |
|
0 |
|a Yams.
|
| 650 |
|
2 |
|a Dioscorea.
|
| 700 |
1 |
|
|a Oduro, Ibok,
|e author.
|
| 830 |
|
0 |
|a Botany, production and uses.
|
| 856 |
4 |
0 |
|u http://proxy.library.tamu.edu/login?url=http://dx.doi.org/10.1079/9781789249279.0000
|z Connect to the full text of this electronic book.
|t 0
|
| 994 |
|
|
|a Z0
|b TMV
|
| 948 |
|
|
|h HELD BY TMV - 37 OTHER HOLDINGS
|
| 999 |
f |
f |
|s ce1e2212-5756-4501-b4d5-5792d0ba0ee6
|i ce1e2212-5756-4501-b4d5-5792d0ba0ee6
|t 0
|
| 952 |
f |
f |
|a Texas A&M University
|b College Station
|c Electronic Resources
|d Available Online
|t 0
|e SB 211.Y3 T468y 2021eb
|h National Library of Medicine classification
|
| 998 |
f |
f |
|a SB 211.Y3 T468y 2021eb
|t 0
|l Available Online
|